000 00350nam a22001457a 4500
005 20250516032350.0
008 250516b |||||||| |||| 00| 0 eng d
020 _a9559102103
082 _222
_a300
_bNGO
245 _aNGO
_bBilla
260 _aColombo
_bSocial Scientist Association
_c1997
300 _a39 p .,
500 _aBook on NGO's
942 _cL
999 _c6050
_d6050